[Event "1MCR_3DE_1L_1S"]
[Site "?"]
[Date "2005.??.??"]
[Round "1"]
[White "Tomisek, Petr"]
[Black "Bares, Jiri"]
[Result "1/2-1/2"]
[WhiteElo "2170"]
[BlackElo "2174"]
[PlyCount "149"]
[EventDate "2005.??.??"]
[EventType "corr"]
[SourceDate "2005.03.20"]

1. e4 c5 2. d4 cxd4 3. c3 dxc3 4. Nxc3 Nc6 5. Nf3 g6 6. Bc4 Bg7 7. e5 Nh6 8.
Bf4 O-O 9. O-O d6 10. exd6 Nf5 11. dxe7 Qxe7 12. Nd5 Qc5 13. Rc1 Rd8 14. Ng5 h6
15. Bc7 Rf8 16. Ne4 Qd4 17. Qf3 Kh8 18. b4 Be6 19. Rfd1 Qb2 20. Rb1 Ncd4 21.
Qd3 Qc2 22. Ndc3 Qxd3 23. Bxd3 Rac8 24. Bf4 g5 25. Bd2 Rcd8 26. Nc5 Bc8 27. Bf1
Nh4 28. Be3 Ndf3+ 29. gxf3 Nxf3+ 30. Kh1 Bxc3 31. Bg2 Rxd1+ 32. Rxd1 Nh4 33.
Bxb7 Bxb4 34. Bxc8 Rxc8 35. Na6 Bf8 36. Bxa7 Ba3 37. Bb8 Rc6 38. Be5+ Kh7 39.
Nc7 Rc2 40. Bg3 Nf5 41. Rd7 Kg6 42. Nd5 Rxa2 43. Ra7 Ra1+ 44. Kg2 Bb2 45. Rxa1
Bxa1 46. h3 h5 47. Bc7 Bd4 48. Kf3 Bc5 49. Kg2 Nd4 50. h4 f6 51. Bd8 Nf5 52.
hxg5 fxg5 53. f3 Nd4 54. Ba5 Ne6 55. Bc3 Kf5 56. Bb2 Bd4 57. Bc1 Ke5 58. Ne7
Kf6 59. Nd5+ Kg6 60. Bd2 Be5 61. Kh3 Bd6 62. Bc3 Kf5 63. Bb2 Nf8 64. Nf6 Kg6
65. Bc3 Bb8 66. Nd5 Ne6 67. Kg2 Ba7 68. Bd2 Bd4 69. Ne7+ Kf6 70. Nd5+ Ke5 71.
Ne7 Bb2 72. Kg3 Kf6 73. Nd5+ Kg6 74. f4 g4 75. Ne7+ 1/2-1/2

[Event "1MCR_3DE_1L_2S"]
[Site "?"]
[Date "2005.??.??"]
[Round "2"]
[White "Hlavac, Frantisek"]
[Black "Paukert, Martin"]
[Result "1/2-1/2"]
[WhiteElo "2355"]
[BlackElo "2074"]
[PlyCount "123"]
[EventDate "2005.??.??"]
[EventType "corr"]
[SourceDate "2005.03.20"]

1. e4 c5 2. Nf3 Nc6 3. d4 cxd4 4. c3 dxc3 5. Nxc3 e6 6. Bc4 d6 7. O-O Be7 8.
Qe2 Nf6 9. Rd1 e5 10. b4 Bg4 11. Be3 O-O 12. a3 Rc8 13. Rac1 a6 14. Bb3 h6 15.
h3 Be6 16. Bxe6 fxe6 17. Qa2 Kf7 18. Qb3 Re8 19. a4 Bf8 20. Qa2 Nxb4 21. Qb1
Qa5 22. Bd2 Nc6 23. Nd5 Qxa4 24. Nb6 Qxe4 25. Nxc8 Qxb1 26. Nxd6+ Bxd6 27. Rxb1
b5 28. Ra1 Ra8 29. Bxh6 Nd4 30. Be3 Nxf3+ 31. gxf3 Nd5 32. Bd2 Bc5 33. Kf1 Bd4
34. Ra5 Bb6 35. Ra2 b4 36. Rb1 Bd4 37. Ra5 Ra7 38. Rxb4 Nxb4 39. Bxb4 Rb7 40.
Ra4 Rb6 41. Ke2 Rc6 42. Bd2 Rd6 43. Be3 g6 44. f4 Kf6 45. Kf3 Bc3 46. fxe5+
Bxe5 47. Ke4 Bh2 48. Rc4 g5 49. Kf3 e5 50. h4 Bf4 51. hxg5+ Bxg5 52. Bxg5+ Kxg5
53. Ke4 Kf6 54. f4 exf4 55. Kxf4 Re6 56. Re4 a5 57. Rxe6+ Kxe6 58. Ke4 Kd6 59.
Kd4 a4 60. Kc3 a3 61. Kb3 a2 62. Kxa2 1/2-1/2

[Event "1MCR_3DE_1L_1S"]
[Site "?"]
[Date "2005.??.??"]
[Round "1"]
[White "Tomisek, Petr"]
[Black "Svoboda, Frantisek"]
[Result "1-0"]
[WhiteElo "2170"]
[BlackElo "2391"]
[PlyCount "159"]
[EventDate "2005.??.??"]
[EventType "corr"]
[SourceDate "2005.03.20"]

1. e4 e6 2. Nf3 d5 3. e5 c5 4. b4 cxb4 5. a3 Nc6 6. axb4 Bxb4 7. c3 Be7 8. d4
Bd7 9. Bd3 a6 10. O-O Rc8 11. Re1 Na7 12. Qc2 h5 13. Na3 Qc7 14. Qb1 Qxc3 15.
Bd2 Qc7 16. Qb3 Bd8 17. Reb1 Bc6 18. Qa2 Qd7 19. Rb2 Ne7 20. Bb4 Ra8 21. Qb1 a5
22. Bd2 b6 23. Qe1 h4 24. h3 Ba4 25. Qe2 Bc6 26. Bg5 Rb8 27. Rab1 Ba4 28. Bxh4
Nec6 29. Bxd8 Qxd8 30. Bb5 Nxb5 31. Nxb5 Bxb5 32. Qxb5 Qd7 33. Ra1 Ke7 34. Qa4
Nb4 35. Qa3 Kf8 36. Rc2 Kg8 37. Rc3 Rc8 38. Ng5 Rh5 39. Rxc8+ Qxc8 40. Rc1 Qd8
41. f4 Rxg5 42. fxg5 Qxg5 43. Rc8+ Kh7 44. Qf3 Qg6 45. Kh2 a4 46. Rc7 b5 47.
Rxf7 Nc6 48. Rf4 Ne7 49. Rh4+ Kg8 50. Qc3 Qe8 51. Qc5 Nf5 52. Rf4 Qg6 53. Rg4
Qe8 54. Kg1 Qa8 55. Qb6 Qe8 56. Rf4 Ne3 57. Qc5 Nc4 58. Qb4 a3 59. Rf2 Kh7 60.
Kh2 Qg6 61. Qe7 Ne3 62. Qxa3 Qe4 63. Rf3 Nf5 64. Qd3 Qxd4 65. g4 Qxd3 66. Rxd3
Nh4 67. Kg3 Ng6 68. Re3 b4 69. Re2 Ne7 70. Rb2 Nc6 71. Kf4 Kh6 72. h4 g5+ 73.
hxg5+ Kg7 74. Rc2 Ne7 75. Ke3 b3 76. Rc7 Kf8 77. Rb7 Nc6 78. Rxb3 Nxe5 79. Kd4
Ng6 80. Kc5 1-0